| 000 | 00667nam a2200181 i 4500 | ||
|---|---|---|---|
| 001 | 40818 | ||
| 003 | ES-MaACL | ||
| 005 | 20251011063059.0 | ||
| 007 | t| | ||
| 008 | 030307s1862 sp ||||1| spa d | ||
| 100 | 1 |
_aCapmany y de Montpalau, Antonio de, _d1742-1813 _934868 |
|
| 245 | 1 | 0 |
_aMuseo Histórico que comprende los principales sucesos de España y del extranjero como así mismo toda la parte artística y monumental de los pricipales paises / _cAntonio de Capmany y de Montpalau. |
| 250 | _a2º ed. | ||
| 260 |
_aMadrid : _bCristobal González, _c1862. |
||
| 300 |
_a2 v. ; _c17 cm. |
||
| 852 |
_aES-MaACL _jD-1899-900 |
||
| 999 |
_c40818 _d40818 |
||